Case in point (Record no. 106555)
[ view plain ]
| 000 -LEADER | |
|---|---|
| fixed length control field | 01832cam a2200409 a 4500 |
| 001 - CONTROL NUMBER | |
| control field | L136927 |
| 008 - FIXED-LENGTH DATA ELEMENTS--GENERAL INFORMATION | |
| fixed length control field | 070305s2007 xxk f 001 0 eng d |
| 020 ## - INTERNATIONAL STANDARD BOOK NUMBER | |
| International Standard Book Number | 9781842193174 |
| 035 ## - SYSTEM CONTROL NUMBER | |
| System control number | (Sirsi) u136927 |
| 041 0# - LANGUAGE CODE | |
| Language code of text/sound track or separate title | eng |
| 050 04 - LIBRARY OF CONGRESS CALL NUMBER | |
| Classification number | 692.8 $2 18 |
| 100 1# - MAIN ENTRY--PERSONAL NAME | |
| Personal name | Holland, Gideon Scott |
| 245 00 - TITLE STATEMENT | |
| Title | Case in point |
| Remainder of title | contract administration |
| 260 ## - PUBLICATION, DISTRIBUTION, ETC. | |
| Place of publication, distribution, etc. | London |
| Name of publisher, distributor, etc. | RICS Books |
| Date of publication, distribution, etc. | 2007 |
| 300 ## - PHYSICAL DESCRIPTION | |
| Extent | xx, 196p. |
| Dimensions | 21cm. |
| 350 ## - PRICE (NR) (BK AM CF MU VM SE) [OBSOLETE] | |
| Price | 27.50 |
| 490 #0 - SERIES STATEMENT | |
| Series statement | RICS Case in Point Series |
| 505 1# - FORMATTED CONTENTS NOTE | |
| Formatted contents note | Introduction -- The functions of a contract administrator -- Duties typically owed by contract administrators -- Duties typically owed to contract administrators -- Disputes and dispute resolution |
| 520 ## - SUMMARY, ETC. | |
| Summary, etc. | Provides a guide to all aspects of construction contract administration. Describes the functions which administrators are expected to fill the duties associated with the role. Details standards and the duty of care. Also covers the rights of the administrator. Includes a section on dispute resolution and the administrator as an arbitrator. Covers relevant legislation. Extensive case law. |
| 590 ## - LOCAL NOTE (RLIN) | |
| Local note | KA |
| 650 24 - SUBJECT ADDED ENTRY--TOPICAL TERM | |
| Topical term or geographic name entry element | ARBITRATION ACT 1979 |
| 650 24 - SUBJECT ADDED ENTRY--TOPICAL TERM | |
| Topical term or geographic name entry element | CIVIL LIABILITY (CONTRIBUTION) ACT 1978 |
| 650 24 - SUBJECT ADDED ENTRY--TOPICAL TERM | |
| Topical term or geographic name entry element | COMPENSATION ACT 2006 |
| 650 24 - SUBJECT ADDED ENTRY--TOPICAL TERM | |
| Topical term or geographic name entry element | CONTRACTS (RIGHTS OF THIRD PARTIES) ACT 1999 |
| 650 24 - SUBJECT ADDED ENTRY--TOPICAL TERM | |
| Topical term or geographic name entry element | DEFECTIVE PREMISES ACT 1972 |
| 650 24 - SUBJECT ADDED ENTRY--TOPICAL TERM | |
| Topical term or geographic name entry element | HOUSING GRANTS, CONSTRUCTION AND REGENERATION ACT 1996 |
| 650 24 - SUBJECT ADDED ENTRY--TOPICAL TERM | |
| Topical term or geographic name entry element | LATENT DAMAGE ACT 1986 |
| 650 24 - SUBJECT ADDED ENTRY--TOPICAL TERM | |
| Topical term or geographic name entry element | LAW REFORM (CONTRIBUTORY NEGLIGENCE) ACT 1945 |
| 650 24 - SUBJECT ADDED ENTRY--TOPICAL TERM | |
| Topical term or geographic name entry element | LIMITATION ACT 1980 |
| 650 24 - SUBJECT ADDED ENTRY--TOPICAL TERM | |
| Topical term or geographic name entry element | LONDON BUILDING ACT 1984 |
| 650 24 - SUBJECT ADDED ENTRY--TOPICAL TERM | |
| Topical term or geographic name entry element | UNFAIR TERMS IN CONSUMER CONTRACTS REGULATIONS 1999 |
| 651 #4 - SUBJECT ADDED ENTRY--GEOGRAPHIC NAME | |
| Geographic name | United Kingdom |
| Chronological subdivision | |
| 690 ## - LOCAL SUBJECT ADDED ENTRY--TOPICAL TERM (OCLC, RLIN) | |
| Topical term or geographic name as entry element | MANAGEMENT-PROJECT MANAGEMENT-CONTRACT ADMINISTRATION |
| 700 1# - ADDED ENTRY--PERSONAL NAME | |
| Personal name | Lamont, Calum |
| 942 ## - ADDED ENTRY ELEMENTS (KOHA) | |
| Suppress in OPAC | 0 |
| Withdrawn status | Lost status | Source of classification or shelving scheme | Damaged status | Not for loan | Home library | Current library | Shelving location | Date acquired | Total Checkouts | Full call number | Barcode | Date last seen | Copy number | Price effective from | Koha item type | Date last checked out |
|---|---|---|---|---|---|---|---|---|---|---|---|---|---|---|---|---|
| Dewey Decimal Classification | London | London | RICS Boxes | 04/05/2007 | RICS 2007/10 | 30073856 | 06/08/2019 | 4 | 06/08/2019 | Archive | ||||||
| Dewey Decimal Classification | London | London | Books | 11/09/2008 | 692.8 HOL | 30073857 | 06/08/2019 | 1 | 06/08/2019 | Reference material | ||||||
| Dewey Decimal Classification | London | London | Books | 11/09/2008 | 10 | 692.8 HOL | 30073858 | 06/08/2019 | 2 | 06/08/2019 | Book | 05/01/2010 |